| 000 | 00620nam a2200205 u 4500 | ||
|---|---|---|---|
| 005 | 20240228064202.0 | ||
| 008 | 150126s2003 r 000 0 eng d | ||
| 020 | _a9583011568 | ||
| 035 | _aUPN01000201459 | ||
| 049 | _aI | ||
| 050 | 4 |
_aPZ78 _bA7.5 |
|
| 100 | 1 |
_aAristizábal de Baena, Nora _936771 |
|
| 245 | 1 | 3 |
_aLa fiesta del mar / _cNora Aristizábal de Baena ; il. de Olga Cuéllar. |
| 260 |
_aBogotá : _bPanamericana, _c2003. |
||
| 300 |
_a31 p. : _bil. |
||
| 440 | 0 | _aSueños de papel | |
| 650 | 0 |
_aCuentos infantiles colombianos _94407 |
|
| 650 | 4 |
_aLibros y lectura para niños _92290 |
|
| 905 | _aInfantil | ||
| 999 |
_c173560 _d173560 |
||